Bosquejo ligerisimo de la revolucion de Mégico, desde el grito de Iguala hasta la proclamacion imperial de Iturbide por un verdadero americano

Detalles Bibliográficos
Autor principal: Rocafuerte, Vicente 1783-1847
Otros Autores: Iturbide, Agustín de, 1783-1824
Formato: Libro
Lenguaje:Spanish
Publicado: Philadelphia : imprenta de Teracrouef y Naroajeb, 1822.
Materias:
Colección:Banco de datos
Acervo:Seminario Conciliar de Nuestra Señora de Guadalupe Querétaro. Qro.. Biblioteca Florencio Rosas. Fondo Reservado
Descripción Física:[1] h., XI, 300 p., [3] h. ; 8°
Tema general:Historia civil
Notas:Portada tipográfica con cita literaria en francés y pleca en grabado xilográfico. Texto a renglón seguido con paginación en números arábigos y signaturas. Encuadernación en piel sobre cartón con cantos en tono amarillo. Sello en tinta del Lic. Jesús M. Barbosa, Querétaro. Daños de humedad
LEADER 01086nam a22001930004500
035 |a 2145 
041 0 |a spa 
100 1 |a Rocafuerte, Vicente 1783-1847 
245 1 0 |a Bosquejo ligerisimo de la revolucion de Mégico, desde el grito de Iguala hasta la proclamacion imperial de Iturbide por un verdadero americano 
260 |a Philadelphia : imprenta de Teracrouef y Naroajeb, 1822. 
300 |a [1] h., XI, 300 p., [3] h. ; 8° 
500 |a Portada tipográfica con cita literaria en francés y pleca en grabado xilográfico. Texto a renglón seguido con paginación en números arábigos y signaturas. Encuadernación en piel sobre cartón con cantos en tono amarillo. Sello en tinta del Lic. Jesús M. Barbosa, Querétaro. Daños de humedad 
504 |a Al final de la obra está el índice de contenido 
650 1 0 |a Historia civil 
700 1 |a Iturbide, Agustín de, 1783-1824  
949 |a Fondo Reservado: 4578 
942 |c QUER-RES 
943 |g Seminario Conciliar de Nuestra Señora de Guadalupe Querétaro. Qro.. Biblioteca Florencio Rosas. Fondo Reservado 
999 |c 1109809  |d 1109809